000 00345nam a2200145Ia 4500
008 230312s9999||||xx |||||||||||||| ||und||
020 _a812190111
082 _a658.5
_bSHA-P
100 _aSharma, P.C.
245 0 _aProduction Engineering
260 _bS. Chand & Company
_aIndia
_c2006
546 _aEng.
650 _aEngineering
942 _cBK
999 _c6202
_d6202